000 00456nam a22001817a 4500
003 CEME
005 20210628203422.0
008 210128b xxu||||| |||| 00| 0 eng d
020 _a0-333-94929-3
040 _c.
082 _a821.8 THO
100 _aGibson, James
_965312
245 _aThe complete poems, thomas hardy
260 _aNEW YORK
_bPALGRAVE
_c2001
300 _aXXXI,1003P
650 _aENGLISH LITERATURE-POEMS
_965313
942 _cBK
_2ddc
999 _c573564
_d573564